000 00930nam a2200265Ia 4500
003 OSt
005 20220923211119.0
006 a|||||r|||| 00| 0
007 ta
008 220922b |||||||| |||| 00| 0 hin d
020 _a8181435354 (hbk)
_c200
024 _a262,145
037 _b70, 02/07/2012, Eastern Book Linkers
_cTextual
040 _aARTS
_cARTS
_bhin
041 _2hin
_ahin
082 _aO152,6NYE, P6
100 _aयेचुरी, सीताराम
_9156271
245 0 _aघृणा की राजनिति
246 _aGhṛuṇā kī rājaniti
260 _aनई दिल्ली
_b वाणी प्रकाशन
_c2006
300 _a152पृ.
_ccm.
650 _aहिन्दी साहित्य
_9156264
942 _hO152,6NYE, P6
_cTEXL
_2CC
999 _c295464
_d295464